Régimen jurídico de la administración del Estado
Saved in:
| Main Authors: | , |
|---|---|
| Format: | Bog |
| Sprog: | spansk |
| Udgivet: |
Santiago
Jurídica de Chile
1980
|
| Serier: | Monografías de Derecho Público, Universidad de Chile
|
| Fag: | |
| Tags: |
Tilføj Tag
Ingen Tags, Vær først til at tagge denne postø!
|
MARC
| LEADER | 00000nam a2200000 a 4500 | ||
|---|---|---|---|
| 001 | UCY0939 | ||
| 003 | CL-VaPUC | ||
| 008 | 940818e19800000CL |||||||||||||||||spa|d | ||
| 082 | 0 | 4 | |a 342.06 |b REY |2 21 |
| 100 | |a Reyes Román, Gustavo |e autor |9 329143 | ||
| 700 | 0 | |a Soto Kloss, Eduardo |e author |9 328804 | |
| 245 | 1 | 0 | |a Régimen jurídico de la administración del Estado |
| 300 | |a 124 p | ||
| 942 | |c BK | ||
| 945 | |d 19940818 00:00:00 |a aalvarez | ||
| 260 | |a Santiago |b Jurídica de Chile |c 1980 | ||
| 650 | 0 | |a Derecho administrativo |9 254851 | |
| 650 | 0 | |a Historia |9 255047 | |
| 650 | 0 | |a Ìndices |9 258316 | |
| 651 | 7 | |a CHILE |2 CL-VaPUC |9 328805 | |
| 583 | |a last modification |c 19940818 00:00:00 |k Rodrigo Vera | ||
| 490 | 0 | |a Monografías de Derecho Público, Universidad de Chile | |
| 999 | |c 229807 |d 229805 | ||
| 952 | |0 0 |1 0 |4 0 |6 342_060000000000000_REY_1980 |7 0 |8 A |9 231465 |a BIBDER |b BIBDER |d 2019-11-15 |i 3010295 |o 342.06 REY 1980 |p 3010295 |r 2019-11-15 |w 2019-11-15 |y BK |k DER | ||